000 00455nam a22001577a 4500
999 _c61608
_d61608
005 20240329100635.0
008 240329s2014 gw ||||| |||| 00| 0 ger d
020 _a9780500291399x
041 _ager
080 _a659.127 O-45
100 _aOlins, Wally
_921630
245 _aBrand New:
_bThe Shape of Brands to Come /
_cWally Olins.
264 _aLondon :
_bThames & Hudson,
_c2014.
300 _a200 p. :
_bill.;
_c24 cm.
942 _2udc
_cᲬᲘᲒᲜᲘ